Biblioteca

Verdad y transformación (Registro nro. 70668)

Detalles MARC
000 -LÍDER
Campo fijo de descripción fija 01877nam a2200349 i 4500
001 - NÚMERO DE CONTROL
Campo de control 768714001
003 - IDENTIFICADOR DEL NÚMERO DE CONTROL
Campo de control CO-MdFUSB
005 - FECHA Y HORA DE LA ULTIMA TRANSACCIÓN
control field 20260504125702.0
007 - CAMPO FIJO DE DESCRIPCIÓN FIJA--INFORMACIÓN GENERAL
Campo fijo de descripción fija ta
008 - ELEMENTOS DE LONGITUD FIJA -- INFORMACIÓN GENERAL
Campo fijo de descripción fija -- Información general 240731t2010 -us |||| |||| 00| 0 spa d
020 ## - NÚMERO INTERNACIONAL NORMALIZADO PARA LIBROS
Número Internacional Normalizado del libro 9781576585214
040 ## - FUENTE DE CATALOGACIÓN
Agencia de catalogación original CO-MdFUSB
Idioma de catalogación spa
Agencia que realiza la transcripción CO-MdFUSB
Agencia que realiza la modificación CO-MdFUSBC
Convenciones de la descripción rda
041 ## - CÓDIGO DE IDIOMA
Código de idioma para texto/pista de sonido o título separado spa
Código de idioma original eng
082 ## - NÚMERO DE CLASIFICACIÓN DECIMAL DEWEY
Número de la edición del Dewey 23
Número de clasificación 306.63
Clave de autor-Numero de item M277
100 ## - ASIENTO PRINCIPAL--NOMBRE PERSONAL
Nombre personal Mangalwadi, Vishal,
Término relacionador autor
240 ## - TITULO UNIFORME
Título uniforme <a href="Truth and transformation : a manifesto for ailing nations.">Truth and transformation : a manifesto for ailing nations.</a>
245 ## - TÍTULO
Título del Material Verdad y transformación
Mención de responsabilidad, etc. / Vishal Mangalwadi
264 #1 - PRODUCCIÓN, PUBLICACIÓN, DISTRIBUCIÓN, MANUFACTURA, Y COPYRIGHT
Lugar de producción, publicación, distribución, manufactura Estados Unidos :
Nombre del productor, publicador, distribuidor Jucum,
Fecha de producción, publicación, distribución, manufactura, o copyright [2010]
264 #4 - PRODUCCIÓN, PUBLICACIÓN, DISTRIBUCIÓN, MANUFACTURA, Y COPYRIGHT
Fecha de producción, publicación, distribución, manufactura, o copyright ©2010
300 ## - DESCRIPCIÓN FÍSICA
Extensión 317 páginas
Dimensiones ; 23 cm
336 ## - TIPO DE CONTENIDO
Fuente rdacontent
Término de tipo de contenido texto
Código de tipo de contenido txt
337 ## - TIPO DE MEDIO
Fuente rdamedia
Nombre del tipo de medio sin mediación
Código del tipo de medio n
338 ## - TIPO DE SOPORTE
Fuente rdacarrier
Nombre del tipo de soporte volumen
Código Tipo de soporte nc
505 ## - NOTA DE CONTENIDO
Nota de contenido con formato preestablecido Parte I: ¿Necesitamos transformación? Moralidad: el secreto del éxito de Occidente -- Racionalidad: la fuerza olvidada detrás de la tecnología occidental -- Familia: la escuela decadente del carácter occidental -- La humanidad: el alma abandonada de la civilización occidental -- Parte II: ¿Pueden las naciones ser sanadas? Sus llagas: para la sanación de las naciones -- Su compasión: Jesús el alborotador -- Su reino: lo natural y lo sobrenatural -- Su verdad: la clave de la transformación -- Su ley: el pecado y sus consecuencias -- Parte III: ¿Cómo transforma el evangelio? Evangelismo: buenas noticias para tiempos opresivos -- El Espíritu Santo: poder para la transformación -- La Iglesia: una comunidad para un nuevo reino -- Esperanza: Él está haciendo nuevas todas las cosas -- Parte IV: ¿Cómo puedo participar?
563 ## - NOTA DE ENCUADERNACIÓN
Nota de encuadernación Rústico
650 #7 - ASIENTO SECUNDARIO DE MATERIA - TERMINO TEMÁTICO
Término temático o nombre geográfico como elemento de entrada Sociología cristiana
9 (RLIN) 405
650 #7 - ASIENTO SECUNDARIO DE MATERIA - TERMINO TEMÁTICO
Término temático o nombre geográfico como elemento de entrada Cristianismo y cultura
Fuente del encabezamiento o término embne
9 (RLIN) 6959
653 ## - TÉRMINO DE INDIZACIÓN - NO CONTROLADO
Término no controlado Religión y sociedad
653 ## - TÉRMINO DE INDIZACIÓN - NO CONTROLADO
Término no controlado Corrupción — Aspectos sociales
942 ## - TIPO DE MATERIAL (KOHA)
Tipo de Item KOHA Libros General
945 ## - INFORMACIÓN LOCAL DEL REGISTRO
Catalogador JTF-925
Existencias
Estado de Material Estado de Perdido Forma de Clasificación Estado de Dañado No para Préstamo Colección Biblioteca de Origen Biblioteca Permanente Fecha de Adquisición Área Total de Préstamos Signatura Topográfica Código de Barras Última vez visto Ejemplar/Existencia Fecha de Remplazo Tipo de Material
    Dewey Decimal Classification     Colección General Biblioteca FUSBC Biblioteca FUSBC 31/07/2024 SOCIOLOGIA   G 306.63 M277v 22236 31/07/2024 Ej. 1 31/07/2024 Libros General

Biblioteca FUSBC | Teléfono: (57+4) 349 88 10 Ext. 141| WhatsApp (+57) 3005338115 
E-mail: biblioteca@unisbc.edu.co | Calle 76 87-14 Robledo Palenque, Medellín, Colombia

Con tecnología Koha